书目信息 |
| 题名: |
中外家具发展史
|
|
| 作者: | 李雨红 , 于伸 编著 | |
| 分册: | ||
| 出版信息: | 哈尔滨 东北林业大学出版社 2000 |
|
| 页数: | 265页 | |
| 开本: | 24cm | |
| 丛书名: | ||
| 单 册: | ||
| 中图分类: | TS666 | |
| 科图分类: | ||
| 主题词: | 家具--历史--世界 | |
| 电子资源: | ||
| ISBN: | 7-81076-087-4 | |
| 000 | 00877nam0 2200265 45 | |
| 001 | 040000004757 | |
| 005 | 20051206141246.28 | |
| 010 | @a7-81076-087-4@dCNY28.00 | |
| 092 | @aCN | |
| 100 | @a20050714e20042000ekmy0chiy0120 ea | |
| 101 | 0 | @achi |
| 102 | @aCN@b230000 | |
| 105 | @aa az 000yy | |
| 200 | 1 | @a中外家具发展史@Azhong wai jia ju fa zhan shi@f李雨红,于伸编著@Fli yu hong,yu shen bian zhu |
| 210 | @a哈尔滨@c东北林业大学出版社@d2000@h2004重印 | |
| 215 | @a265页@c图@d24cm | |
| 320 | @a有书目:第264页 | |
| 330 | @a本书介绍了中外家具的演变过程,提示出社会、经济、文化等诸多因素对家具发展的影响,展现了中外不同历史时期极具代表性的家具风格及设计典范。 | |
| 606 | 0 | @a家具@x历史@y世界 |
| 690 | @aTS666@v4 | |
| 701 | 0 | @a李雨红@Ali yu hong@4编著 |
| 701 | 0 | @a于伸@Ayu shen@4编著 |
| 801 | 0 | @aCN@bCXYBOOK@c20051206 |
| 905 | @a10447@dTS666@e35 | |
| 999 | @aYYW | |
| 中外家具发展史/李雨红,于伸编著.-哈尔滨:东北林业大学出版社,2000(2004重印) |
| 265页:图;24cm |
| ISBN 7-81076-087-4:CNY28.00 |
| 本书介绍了中外家具的演变过程,提示出社会、经济、文化等诸多因素对家具发展的影响,展现了中外不同历史时期极具代表性的家具风格及设计典范。 |
| ● |
| 相关链接 |
|
|
|
|
正题名:中外家具发展史
索取号:TS666/35
 
预约/预借
| 序号 | 登录号 | 条形码 | 馆藏地/架位号 | 状态 | 备注 |
| 1 | 0370395 | 203703956 | 第二样本阅览室/ [索取号:TS666/35] | 在馆 | |
| 2 | 0370396 | 203703965 | 第三借阅区/ [索取号:TS666/35] | 在馆 | |
| 3 | 0370397 | 203703974 | 第三借阅区/ [索取号:TS666/35] | 在馆 |